000 00356nam a22001337a 4500
999 _c12561
_d12561
008 241128b 1995 ||||| |||| 00| 0 eng d
020 _a1870077229
082 _a623.82
_bOWE
100 _aOwen, Paul
245 _aHigh speed craft a practical guide for deck officers
260 _aLondon
_bThe nautical institute
_c1995
300 _a70p.
942 _cBK